00908naa#a2200181#i#4500001001600000005001700016011001400033100004100047102000700088200027000095210013200365215001000497608004500507675004700552700005200599700005400651856002100705RU\\bibl\12069320260417202244.5##a2073-5537##a20260416b2026####ek#y0rusy0150####ca##aRU1#aВзаимосвязь развития рынка индивидуального жилищного строительства и пространственной организации национальной экономикиeЖурнальная статья1#aАстраханьcАстраханский государственный технический университетd2026##a6 с.##aЖурнальная статья2local##aЖилищное хозяйство. 332.8#1aСултановgАйрат Алмасович#1aМорозоваgНаталья Ивановна4#avestnik.astu.org